Elaboración de un plan de manejo integral de residuos sólidos para el vertedero controlado, (Registro nro. 2529)

Detalles MARC
000 -LEADER
campo de control de longitud fija 02111nam a22003497a 4500
001 - NÚMERO DE CONTROL
campo de control 42835
003 - IDENTIFICADOR DE NÚMERO DE CONTROL
campo de control gtgccic
005 - FECHA Y HORA DE LA ÚLTIMA TRANSACCIÓN
campo de control 20251113144511.0
007 - CAMPO FIJO DE DESCRIPCIÓN FÍSICA--INFORMACIÓN GENERAL
campo de control de longitud fija ta
008 - DATOS DE LONGITUD FIJA--INFORMACIÓN GENERAL
campo de control de longitud fija 251113b gt ||||| |||| 00| 0 spa d
040 ## - FUENTE DE CATALOGACIÓN
Centro catalogador/agencia de origen gtgccic
Lengua de catalogación spa
Centro/agencia transcriptor gtgccic
Normas de descripción rda
084 ## - OTRO NÚMERO DE CLASIFICACIÓN
Número de control del registro de autoridad o número normalizado TPI-17-0116
100 10 - ENTRADA PRINCIPAL--NOMBRE DE PERSONA
Nombre de persona Elizabeth Joanna Girón Brincker
Fechas asociadas al nombre Ingeniera en Gestión Ambiental Local
Término indicativo de función/relación autor
245 10 - MENCIÓN DEL TÍTULO
Título Elaboración de un plan de manejo integral de residuos sólidos para el vertedero controlado,
Resto del título ubicado en el km 22, carretera al Pacífico, Villa Nueva, Guatemala /
Mención de responsabilidad, etc. Girón Brincker, Elizabeth Joanna
264 #1 - PRODUCCIÓN, PUBLICACIÓN, DISTRIBUCIÓN, FABRICACIÓN Y COPYRIGHT
Producción, publicación, distribución, fabricación y copyright Guatemala, Guatemala :
Nombre del de productor, editor, distribuidor, fabricante USAC, Facultad de Ingeniería ;
Fecha de producción, publicación, distribución, fabricación o copyright 2017.-
300 ## - DESCRIPCIÓN FÍSICA
Extensión xxiii, 62 p. :
Otras características físicas il. ;
Dimensiones 27 cm
336 ## - TIPO DE CONTENIDO
Fuente rdacontenido
Término de tipo de contenido Texto
Código de tipo de contenido txt
337 ## - TIPO DE MEDIO
Fuente rdamedio
Nombre/término del tipo de medio sin mediación
Código del tipo de medio n
338 ## - TIPO DE SOPORTE
Fuente rdasoporte
Nombre/término del tipo de soporte volumen
Código del tipo de soporte nc
502 ## - NOTA DE TESIS
Nota de tesis Tesis Postgrado
Tipo de título MAESTRA EN ENERGÍA Y AMBIENTE
Nombre de la institución que otorga el título USAC, Facultad de Ingeniería, Escuela de Postgrado
Año de obtención del título 2017
Identificador de la tesis TPI-17-0116
504 ## - NOTA DE BIBLIOGRAFÍA, ETC.
Nota de bibliografía, etc. Nota Bibliografía pag. 57
505 ## - NOTA DE CONTENIDO CON FORMATO
Título 1. MARCO TEÓRICO (residuos sólidos)
505 ## - NOTA DE CONTENIDO CON FORMATO
Título 2. CARACTERIZACIÓN, CUANTIFICACIÓN Y DESCRIPCIÓN DE LOS RESIDUOS SÓLIDOS QUE INGRESAN AL VERTEDERO DEL KM 22
505 ## - NOTA DE CONTENIDO CON FORMATO
Título 3. PROUESTA DEL PLAN DEL MANEJO
505 ## - NOTA DE CONTENIDO CON FORMATO
Título 4. PRESENTACIÓN DE RESULTADOS
505 ## - NOTA DE CONTENIDO CON FORMATO
Título 5. DISCUSIÓN DE RESULTADOS
520 #3 - RESUMEN, ETC.
Sumario, etc. El plan demanejo integral de residuos sólidos en el vertedero controlado del km 22 trata de viabilizar un proyecto modelo por medio de una propuesta en el que se destaque la práctica de separación, compostaje y coprocesamiento, como proceso coadyuvante a la gestión de los residuos sólidos. Esto, como alternativa valedera para disminuir cosiderablemente la carga diaria de residuos sólios a enterrar en el vertedero, lo cual permite el aumento de su vida útil, a la vez, que disminuye los trabajos de enterramiento y evita tangiblemente el efecto contaminante por generación de gases (metano principalmente) y de lixiviados.
650 ## - PUNTO DE ACCESO ADICIONAL DE MATERIA--TÉRMINO DE MATERIA
Término de materia o nombre geográfico como elemento de entrada MANEJO DE DESECHOS SÓLIDOS
700 ## - ENTRADA AGREGADA--NOMBRE PERSONAL
Nombre de persona Ing. César Barrientos
Término indicativo de función/relación asesor
942 ## - ELEMENTOS DE ENTRADA SECUNDARIOS (KOHA)
Fuente de la clasificación o esquema de estantería Clasificación Decimal Dewey
Tipo de ítem Koha TESISPOSTGRADO
945 ## - PROCESAMIENTO DE INFORMACIÓN LOCAL (OCLC)
a amlo
Existencias
Estatus retirado Estado de pérdida Fuente de la clasificación o esquema de estantería Estado de daño No para préstamo Biblioteca de origen Biblioteca actual Fecha de adquisición Número de inventario Total de préstamos Signatura topográfica completa Código de barras Visto por última vez Precio de reemplazo Tipo de ítem Koha Nota pública
    Clasificación Decimal Dewey     CENTRO DE INFORMACIÓN A LA CONSTRUCCIÓN-CICON CENTRO DE INFORMACIÓN A LA CONSTRUCCIÓN-CICON 13/11/2025 P20170116   TPI-17-0116 20170116 13/11/2025 13/11/2025 TESISPOSTGRADO disponible